[Event "Open SSM A Agosto"]
[Site "Milano ITA"]
[Date "2010.08.03"]
[Round "6"]
[White "Attuati, Stefano"]
[Black "Rossi, Giampiero"]
[Result "1-0"]
[WhiteElo "1900"]
[BlackElo "1916"]
[PlyCount "59"]
[EventDate "2010.07.30"]

1. e4 c5 2. Nf3 e6 3. d4 cxd4 4. Nxd4 a6 5. Bd3 Nf6 6. Nc3 Qc7 7. f4 d6 8. Be3
Be7 9. O-O Bd7 10. Qf3 Nc6 11. Nb3 O-O 12. g4 Rfc8 13. g5 Ne8 14. Na4 Nd4 15.
Nxd4 Bxa4 16. e5 g6 17. f5 exf5 18. Nxf5 Bf8 19. e6 fxe6 20. Nh6+ Bxh6 21. gxh6
Qe7 22. Qg2 Bc6 23. Qg3 Bb5 24. Bxg6 Bxf1 25. Rxf1 Nf6 26. Bd3+ Kh8 27. Bg5 Nh5
28. Bxe7 Nxg3 29. hxg3 d5 30. Rf7 1-0

[Event "Open SSM A Agosto"]
[Site "Milano ITA"]
[Date "2010.08.03"]
[Round "6"]
[White "Bisignano, Giuseppe"]
[Black "Tagliaferri, Valerio"]
[Result "0-1"]
[WhiteElo "1940"]
[BlackElo "1882"]
[PlyCount "100"]
[EventDate "2010.07.30"]

1. e4 e6 2. d4 d5 3. Nc3 Nf6 4. Bg5 Be7 5. e5 Nfd7 6. Bxe7 Qxe7 7. f4 c6 8. Nf3
b6 9. Bd3 Ba6 10. O-O Bxd3 11. Qxd3 a5 12. f5 h6 13. Rae1 Na6 14. a3 Nc7 15. f6
gxf6 16. exf6 Qxf6 17. Ne5 Nxe5 18. Rxe5 Qg6 19. Qxg6 fxg6 20. Ne2 Rf8 21. Nf4
Rf6 22. h4 Kd7 23. g3 Rg8 24. Ree1 Rgf8 25. Nd3 Kd6 26. Ne5 g5 27. Rxf6 Rxf6
28. Ng4 Rg6 29. h5 Rg7 30. Rf1 Ke7 31. Rf6 Nb5 32. c3 Nd6 33. Rxh6 Nf7 34. Rg6
Rxg6 35. hxg6 Nd6 36. g7 Kf7 37. Ne5+ Kxg7 38. Nxc6 Nc4 39. b4 Nxa3 40. bxa5
bxa5 41. Nxa5 Nb5 42. Nc6 Nxc3 43. Kg2 Kf6 44. Kf3 Nb5 45. g4 Nd6 46. Ne5 Nc4
47. Nxc4 dxc4 48. Ke4 e5 49. d5 Ke7 50. Ke3 Kd6 0-1

[Event "Open SSM A Agosto"]
[Site "Milano ITA"]
[Date "2010.08.03"]
[Round "6"]
[White "Bozzali, Ermanno"]
[Black "Pace, Pietro Dario"]
[Result "1/2-1/2"]
[WhiteElo "2145"]
[BlackElo "2305"]
[PlyCount "82"]
[EventDate "2010.07.30"]

1. d4 Nf6 2. c4 e6 3. g3 d5 4. Bg2 c6 5. Nf3 Bd6 6. O-O O-O 7. b3 b6 8. Bb2 Bb7
9. Nbd2 Nbd7 10. Qc2 c5 11. cxd5 exd5 12. Ne5 Rc8 13. Qf5 cxd4 14. Nxd7 Qxd7
15. Qxd7 Nxd7 16. Bxd4 Rc2 17. Nc4 dxc4 18. Bxb7 cxb3 19. axb3 a5 20. e3 Bc5
21. Rac1 Rd2 22. Bc3 Rd6 23. Rfd1 Rd8 24. Rxd6 Bxd6 25. Rd1 Nc5 26. Bd5 Bc7 27.
f3 Kf8 28. e4 b5 29. Kf1 Ne6 30. Rc1 Bb6 31. Bb2 Nc7 32. Rc6 Nxd5 33. exd5 Be3
34. d6 Bg5 35. Bd4 Bf6 36. Bc5 Ke8 37. Rb6 a4 38. Rxb5 axb3 39. Rxb3 Kd7 40.
Rd3 Kc6 41. Ba3 Be5 1/2-1/2

[Event "Open SSM A Agosto"]
[Site "Milano ITA"]
[Date "2010.08.03"]
[Round "6"]
[White "Cani, Gazmir"]
[Black "Quaranta, Cristiano"]
[Result "1-0"]
[WhiteElo "2060"]
[BlackElo "2126"]
[PlyCount "81"]
[EventDate "2010.07.30"]

1. d4 e6 2. c4 Nf6 3. Nf3 d5 4. g3 dxc4 5. Bg2 Nc6 6. O-O Rb8 7. Re1 Be7 8. Nc3
b5 9. e4 O-O 10. Bg5 a6 11. Qd2 Nb4 12. Ne5 Nd7 13. Bxe7 Qxe7 14. Ng4 Nd3 15.
Re2 Bb7 16. f4 Rfd8 17. f5 Qd6 18. d5 exf5 19. exf5 Nf6 20. Qg5 Nxg4 21. Qxg4
Qb6+ 22. Kh1 Nf2+ 23. Rxf2 Qxf2 24. Rf1 Qc5 25. f6 g6 26. Qg5 Qf8 27. h4 b4 28.
Ne2 h6 29. Qd2 Bxd5 30. Bxd5 c6 31. Bxf7+ Kxf7 32. Qf4 Kg8 33. f7+ Kh7 34. h5
Qg7 35. Qxc4 gxh5 36. Nf4 Kh8 37. Qe4 Qxg3 38. Qe5+ Kh7 39. Qf5+ Kh8 40. Ng6+
Kg7 41. Rg1 1-0

[Event "Open SSM A Agosto"]
[Site "Milano ITA"]
[Date "2010.08.03"]
[Round "6"]
[White "Casartelli, Fabio"]
[Black "Paganini, Andrea"]
[Result "1-0"]
[WhiteElo "1886"]
[BlackElo "1810"]
[PlyCount "115"]
[EventDate "2010.07.30"]

1. d4 d5 2. c4 e5 3. e3 exd4 4. exd4 Nc6 5. Nf3 Nf6 6. Nc3 Bg4 7. Be3 dxc4 8.
Be2 Bb4 9. O-O O-O 10. a3 Bxc3 11. bxc3 Nd5 12. Bd2 Na5 13. Rb1 c6 14. Re1 Nb3
15. Ne5 Bxe2 16. Rxe2 Nxd2 17. Qxd2 Nb6 18. Re3 Qg5 19. Qe2 f6 20. Rxb6 axb6
21. Qxc4+ Kh8 22. Nf7+ Rxf7 23. Qxf7 Qg6 24. Qxg6 hxg6 25. c4 Kg8 26. Kf1 Kf7
27. Ke2 Ra5 28. Rb3 Ra6 29. Ke3 Ke7 30. g4 g5 31. Ke4 g6 32. f4 gxf4 33. Kxf4
Kd6 34. h4 Ra5 35. Ke4 f5+ 36. gxf5 Rxf5 37. Rg3 Rf6 38. Rg5 Ke6 39. d5+ Kd6
40. a4 cxd5+ 41. Rxd5+ Kc6 42. Ke5 Rf5+ 43. Ke4 Rf1 44. Rg5 Re1+ 45. Kf4 Re6
46. Re5 Rd6 47. Kg5 Rd4 48. Re6+ Kc5 49. Rxg6 Rxc4 50. h5 Rc1 51. h6 Rh1 52.
Re6 b5 53. Re5+ Kc6 54. axb5+ Kb6 55. Kg6 Rh2 56. h7 Kc7 57. Rh5 Rg2+ 58. Kh6
1-0

[Event "Open SSM A Agosto"]
[Site "Milano ITA"]
[Date "2010.08.03"]
[Round "6"]
[White "Crippa, Gabriele"]
[Black "Borin, Fabio"]
[Result "0-1"]
[WhiteElo "2090"]
[BlackElo "2132"]
[PlyCount "66"]
[EventDate "2010.07.30"]

1. b4 c6 2. Bb2 a5 3. a3 axb4 4. axb4 Rxa1 5. Bxa1 Qb6 6. c3 d5 7. Nf3 Bf5 8.
d3 Nd7 9. Qa4 Qc7 10. g3 e6 11. Nbd2 Ngf6 12. Bg2 Bd6 13. c4 O-O 14. c5 Be7 15.
O-O b6 16. Nd4 b5 17. Qa6 Rc8 18. Nxf5 exf5 19. Bc3 Nb8 20. Qa3 f4 21. Qb2 fxg3
22. hxg3 Re8 23. Nb3 Nbd7 24. Ra1 Bf8 25. Nd4 g6 26. Ra6 Nb8 27. Ra2 Ng4 28.
Qa1 Bh6 29. Bd2 Bg7 30. Bc3 Bh6 31. Bh3 Be3 32. fxe3 Qxg3+ 33. Bg2 Nxe3 0-1

[Event "Open SSM A Agosto"]
[Site "Milano ITA"]
[Date "2010.08.03"]
[Round "6"]
[White "Gonella, Daniele"]
[Black "Corti, Massimo"]
[Result "1-0"]
[WhiteElo "1982"]
[BlackElo "2020"]
[PlyCount "118"]
[EventDate "2010.07.30"]

1. e4 g6 2. d4 Bg7 3. c4 d6 4. Nc3 Nf6 5. Be2 O-O 6. Bg5 c5 7. d5 a6 8. a4 h6
9. Bf4 Nbd7 10. h3 Ne5 11. Bh2 Qb6 12. Ra3 Qa5 13. f4 Nxc4 14. Bxc4 Nxe4 15.
Nge2 Qb4 16. Qb3 Rb8 17. Ra1 Qa5 18. O-O Nd2 19. Qa2 Qb4 20. Bd3 Nxf1 21. Rxf1
Bd7 22. Bg3 b5 23. a5 c4 24. Bc2 Qc5+ 25. Bf2 Qc8 26. b4 cxb3 27. Qxb3 Qc4 28.
Qxc4 bxc4 29. Bb6 e6 30. Rd1 e5 31. fxe5 Bxe5 32. Nd4 Rbc8 33. Kf2 Rfe8 34. Be4
f5 35. Bf3 Re7 36. Na2 g5 37. Nc6 Bxc6 38. dxc6 g4 39. Bd5+ Kg7 40. h4 f4 41.
Nb4 c3 42. Nc2 Bf6 43. Bd4 Rce8 44. Bxf6+ Kxf6 45. Bc4 Rb8 46. Rxd6+ Ke5 47.
Rd5+ Ke4 48. Rd4+ Ke5 49. Bd3 Rc7 50. Re4+ Kd6 51. Nb4 Rxb4 52. Rxb4 Rxc6 53.
Rxf4 Ke5 54. Re4+ Kd5 55. Bc2 h5 56. Rf4 Rd6 57. Ke3 Re6+ 58. Re4 Rf6 59. Kd3
Rf2 1-0

[Event "Open SSM A Agosto"]
[Site "Milano ITA"]
[Date "2010.08.03"]
[Round "6"]
[White "Lapiccirella, Daniele"]
[Black "Cazzaniga, Walter"]
[Result "1/2-1/2"]
[WhiteElo "2212"]
[BlackElo "2097"]
[PlyCount "61"]
[EventDate "2010.07.30"]

1. d4 Nf6 2. c4 g6 3. Nc3 Bg7 4. e4 d6 5. f3 O-O 6. Be3 Nc6 7. Nge2 a6 8. Qd2
Rb8 9. Nc1 e5 10. d5 Nd4 11. N1e2 c5 12. dxc6 bxc6 13. Nxd4 exd4 14. Bxd4 Re8
15. Be2 d5 16. cxd5 cxd5 17. e5 Nd7 18. f4 f6 19. e6 Nf8 20. f5 gxf5 21. O-O
Nxe6 22. Bh5 Re7 23. Rxf5 Nxd4 24. Rxd5 Rd7 25. Qxd4 f5 26. Qc4 Rxd5 27. Nxd5
Be6 28. Rd1 Rxb2 29. Bf3 a5 30. a4 Kh8 31. Qc6 1/2-1/2

[Event "Open SSM A Agosto"]
[Site "Milano ITA"]
[Date "2010.08.03"]
[Round "6"]
[White "Pierandrei, Cristiano"]
[Black "Margstahler, Francesco"]
[Result "1-0"]
[WhiteElo "1919"]
[BlackElo "1804"]
[PlyCount "117"]
[EventDate "2010.07.30"]

1. Nf3 d5 2. d4 Nf6 3. c4 c6 4. e3 Bf5 5. Nc3 Nbd7 6. cxd5 cxd5 7. Be2 e6 8.
Nh4 Bg6 9. Nxg6 hxg6 10. Bd2 Be7 11. O-O O-O 12. Bd3 a6 13. f4 Rc8 14. g4 Bd6
15. g5 Nh5 16. Qg4 Qe8 17. Rf3 f5 18. Qg2 Kf7 19. Rff1 Nb6 20. Rfc1 Bb8 21. b3
Qd7 22. Be2 Rh8 23. Rc2 Na8 24. a4 Nc7 25. Rac1 Ba7 26. Be1 Qd6 27. Qf3 Qd7 28.
Qf1 Bb8 29. Bf3 Qd6 30. Ne2 Qd7 31. Bb4 Na8 32. Qg2 Rxc2 33. Rxc2 Nc7 34. Nc1
Ne8 35. Nd3 Kg8 36. Rc3 Nd6 37. Ne5 Qe8 38. Bxd5 Ne4 39. Bxe4 Bxe5 40. dxe5
fxe4 41. Qxe4 Qd8 42. Bd6 Kh7 43. Rc7 b5 44. axb5 axb5 45. Qb7 Rg8 46. Kf2 Rh8
47. Ke2 Rg8 48. Kd2 Rh8 49. Kc3 Rg8 50. Kb4 Rh8 51. Kxb5 Qe8+ 52. Kc4 Qd8 53.
b4 Qa8 54. Qxa8 Rxa8 55. b5 Ra4+ 56. Kb3 Ra1 57. Rc2 Rb1+ 58. Rb2 Re1 59. Bc5
1-0

[Event "Open SSM A Agosto"]
[Site "Milano ITA"]
[Date "2010.08.03"]
[Round "6"]
[White "Quagliarella, Sabino Remo"]
[Black "Pelizzola, Danilo"]
[Result "1/2-1/2"]
[WhiteElo "1946"]
[BlackElo "2092"]
[PlyCount "77"]
[EventDate "2010.07.30"]

1. d4 Nf6 2. Nf3 g6 3. g3 Bg7 4. Bg2 d6 5. O-O Nbd7 6. c4 O-O 7. Nc3 c6 8. e4
Qc7 9. Re1 e5 10. dxe5 Nxe5 11. Nxe5 dxe5 12. Be3 Be6 13. Qa4 Rfd8 14. Rad1 b6
15. b4 a6 16. Rxd8+ Qxd8 17. Qxc6 Rc8 18. Qxb6 Qxb6 19. Bxb6 Rxc4 20. Nd5 Bxd5
21. exd5 Rxb4 22. Bc7 Ne8 23. Bxe5 Bxe5 24. Rxe5 Kf8 25. Re1 Rb2 26. Ra1 Ke7
27. Bf1 a5 28. Bc4 Nd6 29. Bb3 Kf6 30. Re1 a4 31. Bxa4 Rxa2 32. Bc6 Rd2 33. Kg2
Rd3 34. Re2 Nf5 35. Rb2 Ne7 36. Rb6 Kg7 37. Rb7 Kf8 38. Rd7 Nxc6 39. dxc6
1/2-1/2

[Event "Open SSM A Agosto"]
[Site "Milano ITA"]
[Date "2010.08.03"]
[Round "6"]
[White "Regorda, Vittorio"]
[Black "Bemporad, Filippo"]
[Result "0-1"]
[WhiteElo "1859"]
[BlackElo "2061"]
[PlyCount "94"]
[EventDate "2010.07.30"]

1. d4 d5 2. c4 c6 3. Nf3 Nf6 4. e3 g6 5. Nbd2 Bg7 6. Be2 O-O 7. O-O b6 8. Ne5
Bb7 9. f4 Nbd7 10. Ng4 Rc8 11. Nxf6+ Nxf6 12. Bf3 c5 13. Qe2 cxd4 14. exd4 Ba6
15. b3 dxc4 16. Nxc4 Bxc4 17. bxc4 Qxd4+ 18. Be3 Qxc4 19. Rad1 Qxe2 20. Bxe2
Rc2 21. Rd2 Rfc8 22. Rfd1 Rxd2 23. Rxd2 e6 24. Bf3 Bf8 25. Kf1 Be7 26. g4 Bc5
27. Ke2 Kf8 28. g5 Nd5 29. Bxd5 exd5 30. Rxd5 Bxe3 31. Kxe3 Rc2 32. a4 Ra2 33.
Rd4 Rxh2 34. a5 bxa5 35. Ra4 Rb2 36. Rxa5 Rb7 37. Rc5 Kg7 38. Kf3 h6 39. gxh6+
Kxh6 40. Rc4 a5 41. Rc8 Ra7 42. Rh8+ Kg7 43. Rh2 a4 44. Kg4 a3 45. Ra2 Kf6 46.
Kh4 Kf5 47. Kg3 Ra4 0-1

[Event "Open SSM A Agosto"]
[Site "Milano ITA"]
[Date "2010.08.03"]
[Round "6"]
[White "Simone, Marco"]
[Black "Di Chiara, Mauro"]
[Result "1-0"]
[WhiteElo "1854"]
[BlackElo "1965"]
[PlyCount "41"]
[EventDate "2010.07.30"]

1. e4 d6 2. d4 Nf6 3. Nc3 g6 4. Be2 Bg7 5. Be3 O-O 6. Qd2 c6 7. f3 b5 8. g4 Qa5
9. a3 e5 10. b4 Qc7 11. d5 a6 12. g5 Nh5 13. dxc6 Qxc6 14. Nd5 Re8 15. c4 Nf4
16. cxb5 Qb7 17. Bxf4 exf4 18. Rc1 a5 19. Rc7 Qxc7 20. Nxc7 axb4 21. Qxb4 1-0

[Event "Open SSM A Agosto"]
[Site "Milano ITA"]
[Date "2010.08.03"]
[Round "6"]
[White "Vallone, Ugo"]
[Black "Giannotti, Salvatore"]
[Result "0-1"]
[WhiteElo "1931"]
[BlackElo "1865"]
[PlyCount "136"]
[EventDate "2010.07.30"]

1. Nf3 d5 2. b4 Nf6 3. d4 e6 4. a3 Bd6 5. Bb2 Nbd7 6. Nbd2 a5 7. b5 c5 8. bxc6
bxc6 9. c4 Ba6 10. e3 O-O 11. Be2 Re8 12. Ne5 Qb8 13. Nxd7 Nxd7 14. Qc2 e5 15.
Rb1 e4 16. Bc3 Qd8 17. Qa4 Nb8 18. g3 Bc8 19. Nb3 Bd7 20. Nc5 Bc8 21. Nb7 Bxb7
22. Rxb7 Qc8 23. Rb1 Nd7 24. Bg4 g6 25. Bxd7 Qxd7 26. c5 Bc7 27. Rb7 Reb8 28.
Rxb8+ Rxb8 29. O-O h5 30. Rc1 h4 31. Be1 hxg3 32. fxg3 Rb2 33. Qd1 Qh3 34. Rc2
Rb3 35. Qc1 Qg4 36. Bf2 Rd3 37. Rd2 Rb3 38. Qd1 Qxd1+ 39. Rxd1 a4 40. Ra1 Ba5
41. Be1 Bd8 42. Bd2 Kg7 43. Kf2 Kf6 44. Ra2 Kf5 45. Bc1 Bg5 46. Re2 Kg4 47. Kg2
Rb1 48. h3+ Kf5 49. Rf2+ Ke6 50. Rc2 Rb3 51. Kf2 Kd7 52. Kg2 Bd8 53. Rb2 Rxb2+
54. Bxb2 f5 55. Bc3 Bc7 56. Kf2 Kc8 57. h4 Kb7 58. Be1 Ka6 59. Ke2 Kb5 60. Kd1
Kc4 61. Kc2 Bd8 62. Bf2 Ba5 63. g4 fxg4 64. Bg3 Bd8 65. Be1 Bc7 66. Bb4 Bg3 67.
Kd2 Bxh4 68. Ke2 g3 0-1

[Event "Open SSM A Agosto"]
[Site "Milano ITA"]
[Date "2010.08.04"]
[Round "7"]
[White "Bemporad, Filippo"]
[Black "Tagliaferri, Valerio"]
[Result "1-0"]
[WhiteElo "2061"]
[BlackElo "1882"]
[PlyCount "71"]
[EventDate "2010.07.30"]

1. d4 Nf6 2. Nf3 e6 3. g3 c5 4. c4 cxd4 5. Nxd4 Nc6 6. Bg2 Bb4+ 7. Nc3 a6 8.
O-O O-O 9. Qd3 Ne5 10. Qc2 Nxc4 11. Qb3 Bxc3 12. Qxc3 d5 13. e4 Qa5 14. b4 Qc7
15. exd5 Nxd5 16. Qb3 Rd8 17. Nc2 b5 18. Ne3 Ncxe3 19. Bxe3 Bb7 20. Rac1 Qe7
21. Bc5 Qg5 22. h4 Qh5 23. Bf3 Qg6 24. Rfe1 Rd7 25. Be4 f5 26. Bg2 Qf6 27. Rcd1
Rad8 28. Bd4 Qf7 29. Bc5 Re8 30. Bd4 Nf6 31. Bxb7 Rxb7 32. Bxf6 Qxf6 33. Rd6
Ra7 34. Rexe6 Rxe6 35. Rxe6 Qf7 36. Re8# 1-0

[Event "Open SSM A Agosto"]
[Site "Milano ITA"]
[Date "2010.08.04"]
[Round "7"]
[White "Borin, Fabio"]
[Black "Gonella, Daniele"]
[Result "1/2-1/2"]
[WhiteElo "2132"]
[BlackElo "1982"]
[PlyCount "48"]
[EventDate "2010.07.30"]

1. e4 e5 2. Nf3 Nc6 3. Nc3 Bb4 4. Nd5 Bc5 5. c3 Nf6 6. d4 exd4 7. cxd4 Nxd5 8.
dxc5 Nf6 9. Bd3 O-O 10. O-O d6 11. Bg5 Bg4 12. Bb5 Qe7 13. Bxc6 bxc6 14. cxd6
cxd6 15. Qd4 Qxe4 16. Bxf6 Bxf3 17. Qxe4 Bxe4 18. Be7 Rfb8 19. b3 d5 20. Rfc1
Rc8 21. Bc5 a5 22. Bb6 Rcb8 23. Bc5 Rc8 24. Bb6 Rcb8 1/2-1/2

[Event "Open SSM A Agosto"]
[Site "Milano ITA"]
[Date "2010.08.04"]
[Round "7"]
[White "Cazzaniga, Walter"]
[Black "Bozzali, Ermanno"]
[Result "0-1"]
[WhiteElo "2097"]
[BlackElo "2145"]
[PlyCount "76"]
[EventDate "2010.07.30"]

1. d4 f5 2. Bg5 h6 3. Bh4 g5 4. Bg3 Nf6 5. e3 Bg7 6. Nc3 O-O 7. h4 g4 8. Bd3 d6
9. Nge2 Nh5 10. Bc4+ Kh8 11. Nf4 Nxf4 12. Bxf4 Nc6 13. d5 Ne5 14. Bb3 c5 15.
dxc6 bxc6 16. Qd2 Rb8 17. O-O Ng6 18. Bg3 e5 19. h5 Nh4 20. Bxh4 Qxh4 21. g3
Qh3 22. Qxd6 Ba6 23. Rfd1 f4 24. exf4 exf4 25. gxf4 g3 26. fxg3 Qxg3+ 27. Kh1
Qh3+ 28. Kg1 Qg4+ 29. Kh2 Qh4+ 30. Kg2 Rbd8 31. Qg6 Qxf4 32. Rxd8 Bf1+ 33. Kh1
Qf3+ 34. Kg1 Qf2+ 35. Kh1 Rxd8 36. Ne4 Qf3+ 37. Kh2 Be5+ 38. Kg1 Bd4+ 0-1

[Event "Open SSM A Agosto"]
[Site "Milano ITA"]
[Date "2010.08.04"]
[Round "7"]
[White "Colombo, Luca"]
[Black "Crippa, Gabriele"]
[Result "1-0"]
[WhiteElo "1907"]
[BlackElo "2090"]
[PlyCount "101"]
[EventDate "2010.07.30"]

1. e4 Nf6 2. e5 Nd5 3. d4 d6 4. Nf3 g6 5. Bc4 c6 6. c3 Bg7 7. O-O O-O 8. Re1
Na6 9. Nbd2 Nb6 10. Bb3 d5 11. Nf1 c5 12. Ng3 cxd4 13. cxd4 Nb4 14. Be3 Nc4 15.
Bc1 Nb6 16. Bd2 Nd3 17. Re2 Nxb2 18. Qc2 N2c4 19. Bf4 a5 20. h4 Bg4 21. Qd3 Rc8
22. Rc2 a4 23. Bxc4 Rxc4 24. Nd2 Rxc2 25. Qxc2 Qd7 26. f3 Be6 27. Qb2 Nc4 28.
Nxc4 dxc4 29. Qc3 Bd5 30. Rb1 h5 31. Nf1 e6 32. Bg3 Rd8 33. Bf2 b5 34. a3 Bf8
35. Ne3 Rb8 36. Nc2 Be7 37. Nb4 Bb7 38. Rd1 Rd8 39. Rd2 Kh7 40. g4 hxg4 41.
fxg4 Ba8 42. h5 Qb7 43. hxg6+ fxg6 44. Qh3+ Kg7 45. Bh4 Rh8 46. Bf6+ Bxf6 47.
exf6+ Kg8 48. Qg2 Rh1+ 49. Kxh1 Qxg2+ 50. Rxg2 Kf7 51. g5 1-0

[Event "Open SSM A Agosto"]
[Site "Milano ITA"]
[Date "2010.08.04"]
[Round "7"]
[White "Corti, Massimo"]
[Black "Pierandrei, Cristiano"]
[Result "1-0"]
[WhiteElo "2020"]
[BlackElo "1919"]
[PlyCount "103"]
[EventDate "2010.07.30"]

1. d4 d5 2. c4 c6 3. Nf3 Nf6 4. e3 Bg4 5. Nbd2 e6 6. Qc2 Nbd7 7. Bd3 Be7 8. b3
Rc8 9. c5 O-O 10. O-O Re8 11. b4 Bf8 12. Bb2 Bxf3 13. Nxf3 h6 14. Ne5 Nxe5 15.
dxe5 Nd7 16. f4 b6 17. Bd4 bxc5 18. bxc5 Qa5 19. Rac1 Rb8 20. g4 Be7 21. f5
exf5 22. Bxf5 Nf8 23. Qf2 Qc7 24. Bd3 Bd8 25. Rb1 Rxb1 26. Rxb1 Ne6 27. Rb3 Qd7
28. Qf5 g6 29. Qf3 Be7 30. Rc3 Rb8 31. Rc1 Rb4 32. Rf1 Bf8 33. h3 Bg7 34. Bc3
Ra4 35. Bb1 Rc4 36. Ba1 Rxc5 37. Qd1 Rb5 38. Bd3 Rb8 39. Qe1 Qc7 40. Qg3 Qa5
41. h4 Qxa2 42. Qf3 Rb7 43. h5 Ng5 44. Qg3 Rb3 45. hxg6 Rxd3 46. gxf7+ Nxf7 47.
e6 Ng5 48. e7 Bxa1 49. e8=Q+ Kh7 50. Qe7+ Bg7 51. Qxg7+ Kxg7 52. Qc7+ 1-0

[Event "Open SSM A Agosto"]
[Site "Milano ITA"]
[Date "2010.08.04"]
[Round "7"]
[White "Giannotti, Salvatore"]
[Black "Lapiccirella, Daniele"]
[Result "0-1"]
[WhiteElo "1865"]
[BlackElo "2212"]
[PlyCount "74"]
[EventDate "2010.07.30"]

1. d4 d5 2. Nf3 Nf6 3. e3 e6 4. Bd3 c5 5. c3 Nc6 6. Nbd2 Bd6 7. O-O O-O 8. dxc5
Bxc5 9. e4 Bb6 10. h3 Bc7 11. Re1 h6 12. e5 Nd7 13. Qe2 Ndxe5 14. Bc2 Nxf3+ 15.
Nxf3 e5 16. Kf1 e4 17. Ng1 Be6 18. Rd1 Qf6 19. Be3 a6 20. Rd2 Rad8 21. Rad1 Ne5
22. Bd4 Qh4 23. b3 Nc6 24. Bc5 Rfe8 25. Bb1 f5 26. g3 Qf6 27. c4 dxc4 28. Rxd8
Rxd8 29. Rxd8+ Qxd8 30. bxc4 Na5 31. Kg2 Nxc4 32. a3 Qd5 33. Bb4 Ne5 34. Qh5
Nd3 35. Qe8+ Kh7 36. Bf8 Ne1+ 37. Kh2 e3 0-1

[Event "Open SSM A Agosto"]
[Site "Milano ITA"]
[Date "2010.08.04"]
[Round "7"]
[White "Pace, Pietro Dario"]
[Black "Cani, Gazmir"]
[Result "0-1"]
[WhiteElo "2305"]
[BlackElo "2060"]
[PlyCount "58"]
[EventDate "2010.07.30"]

1. Nf3 Nf6 2. g3 g6 3. Bg2 Bg7 4. O-O O-O 5. d3 d5 6. Nbd2 Re8 7. e4 e5 8. exd5
Nxd5 9. Re1 c5 10. Ne4 Qc7 11. Bg5 f5 12. Nc3 Nxc3 13. bxc3 Nc6 14. Bd2 h6 15.
h4 Be6 16. Qc1 Kh7 17. Nh2 Rad8 18. Nf1 c4 19. h5 gxh5 20. Bf3 h4 21. Bh5 hxg3
22. fxg3 Bf7 23. Be2 Rg8 24. Kh2 Qe7 25. Ne3 f4 26. Nxc4 fxg3+ 27. Kg1 Qh4 28.
Bf3 Qh2+ 29. Kf1 Qf2# 0-1

[Event "Open SSM A Agosto"]
[Site "Milano ITA"]
[Date "2010.08.04"]
[Round "7"]
[White "Paganini, Andrea"]
[Black "Bisignano, Giuseppe"]
[Result "1-0"]
[WhiteElo "1810"]
[BlackElo "1940"]
[PlyCount "91"]
[EventDate "2010.07.30"]

1. e4 c5 2. Nf3 d6 3. d4 cxd4 4. Nxd4 Nf6 5. Nc3 a6 6. h3 e6 7. g4 b5 8. Bg2 e5
9. Nde2 Bb7 10. a3 Nc6 11. Be3 Be7 12. O-O O-O 13. f4 Rc8 14. g5 Nd7 15. Nd5
exf4 16. Bxf4 Nde5 17. Nxe7+ Qxe7 18. Nc3 Qe6 19. Nd5 Ng6 20. Bxd6 Rfd8 21. Bg3
Nce5 22. Qe2 Nc4 23. Qf2 Nxb2 24. Rab1 Nc4 25. a4 Bxd5 26. exd5 Qe3 27. axb5
Qxf2+ 28. Rxf2 axb5 29. Rxb5 Ne3 30. Be4 Nd1 31. Rd2 Nc3 32. Rb4 Ne7 33. d6
Nxe4 34. Rxe4 Nf5 35. Bh2 Rc6 36. c4 Kf8 37. d7 Re6 38. Rxe6 fxe6 39. Bc7 Ke7
40. Bxd8+ Kxd8 41. c5 Ne7 42. Kf2 Nc6 43. Ke3 Nb4 44. Kf4 Nd5+ 45. Rxd5 exd5
46. c6 1-0

[Event "Open SSM A Agosto"]
[Site "Milano ITA"]
[Date "2010.08.04"]
[Round "7"]
[White "Pelizzola, Danilo"]
[Black "Vallone, Ugo"]
[Result "1/2-1/2"]
[WhiteElo "2092"]
[BlackElo "1931"]
[PlyCount "94"]
[EventDate "2010.07.30"]

1. e4 c6 2. d4 d5 3. Nd2 dxe4 4. Nxe4 Nd7 5. Nf3 Ndf6 6. Bd3 Nxe4 7. Bxe4 Nf6
8. Bd3 Bg4 9. c3 Qd5 10. Be3 e6 11. Be2 Bf5 12. Qb3 Qxb3 13. axb3 Nd5 14. Bd2
Bd6 15. Ne5 f6 16. Nc4 Bc7 17. Ne3 Be4 18. Nxd5 exd5 19. O-O Bc2 20. Rfe1 Kf7
21. b4 a6 22. Bf1 Rhe8 23. g3 Bf5 24. f3 h5 25. Kf2 g5 26. Rxe8 Rxe8 27. Re1
Rh8 28. Bg2 Be6 29. Bc1 h4 30. Be3 Bd6 31. Bc1 Bf5 32. Bd2 hxg3+ 33. hxg3 Bd3
34. Rh1 Rxh1 35. Bxh1 Kg6 36. Bg2 f5 37. Bh3 b6 38. Bg2 Bc4 39. Bh3 Kf6 40. g4
f4 41. Bf1 Ke6 42. b3 Bxf1 43. Kxf1 b5 44. Ke2 Kf7 45. Kd3 Kf6 46. c4 Bc7 47.
Bc1 Bd6 1/2-1/2

[Event "Open SSM A Agosto"]
[Site "Milano ITA"]
[Date "2010.08.04"]
[Round "7"]
[White "Quagliarella, Sabino Remo"]
[Black "Attuati, Stefano"]
[Result "0-1"]
[WhiteElo "1946"]
[BlackElo "1900"]
[PlyCount "74"]
[EventDate "2010.07.30"]

1. d4 e6 2. Nf3 d5 3. e3 f5 4. Ne5 Nf6 5. Nd2 Bd6 6. Ndf3 O-O 7. Be2 Ne4 8. O-O
g5 9. c4 c6 10. c5 Bc7 11. h3 Nd7 12. Nxd7 Bxd7 13. Ne5 Bxe5 14. dxe5 Nxc5 15.
f3 a5 16. b3 b5 17. Bb2 Na6 18. Rc1 Qb6 19. Bd4 c5 20. Bb2 Nb4 21. a3 Nc6 22.
f4 c4 23. Rf3 gxf4 24. bxc4 bxc4 25. Bc3 fxe3 26. Kh1 d4 27. Bxc4 Qc5 28. Bb2
Qxe5 29. Qe2 Rab8 30. Re1 Be8 31. g4 Ne7 32. gxf5 Nxf5 33. Rg1+ Kh8 34. Qg2 Bc6
35. Bxe6 Bxf3 36. Qxf3 Rxb2 37. Bc4 Qh2# 0-1

[Event "Open SSM A Agosto"]
[Site "Milano ITA"]
[Date "2010.08.04"]
[Round "7"]
[White "Quaranta, Cristiano"]
[Black "Simone, Marco"]
[Result "1-0"]
[WhiteElo "2126"]
[BlackElo "1854"]
[PlyCount "85"]
[EventDate "2010.07.30"]

1. d4 g6 2. Nf3 Bg7 3. c4 d6 4. Nc3 Nf6 5. e4 Nbd7 6. Be2 c6 7. O-O Qc7 8. Be3
e5 9. d5 O-O 10. Re1 a6 11. b4 c5 12. a3 Re8 13. Nd2 b6 14. Rb1 h6 15. Qc2 Bb7
16. Rb2 Rac8 17. Nb3 cxb4 18. axb4 Bf8 19. Rc1 Qd8 20. f3 Kh7 21. Qd2 Nh5 22.
Bd3 Nf4 23. Ne2 g5 24. Ng3 Qf6 25. Bf1 Rc7 26. Qf2 b5 27. cxb5 Rxc1 28. Bxc1
axb5 29. Bxb5 Rc8 30. Bxd7 Nd3 31. Qf1 Rxc1 32. Nxc1 Nxb2 33. Qe2 Qd8 34. Bf5+
Kg7 35. Qxb2 Qb6+ 36. Kh1 Qe3 37. h3 h5 38. Nxh5+ Kh6 39. Nf6 Qe1+ 40. Kh2 g4
41. Nxg4+ Kg5 42. Nd3 Qd1 43. Qc1+ 1-0

[Event "Open SSM A Agosto"]
[Site "Milano ITA"]
[Date "2010.08.04"]
[Round "7"]
[White "Regorda, Vittorio"]
[Black "Casartelli, Fabio"]
[Result "1-0"]
[WhiteElo "1859"]
[BlackElo "1886"]
[PlyCount "61"]
[EventDate "2010.07.30"]

1. d4 d5 2. c4 e6 3. Nf3 Nf6 4. g3 Nbd7 5. Qc2 Be7 6. Bg2 dxc4 7. Qxc4 Nb6 8.
Qc2 O-O 9. O-O Nfd5 10. Bd2 Bd7 11. a3 Bf6 12. e4 c5 13. dxc5 Ba4 14. Qc1 Rc8
15. exd5 exd5 16. Bg5 Nc4 17. Bxf6 Qxf6 18. Nc3 Bb3 19. Nxd5 Qd8 20. Nd4 Ne3
21. Nxe3 Qxd4 22. Qc3 Qxc3 23. bxc3 Rxc5 24. Bxb7 Rxc3 25. Rac1 Rd3 26. Rc8 a5
27. Rxf8+ Kxf8 28. a4 Ke7 29. Bc6 Kd6 30. Bb5 Kc5 31. Bxd3 1-0

[Event "Open SSM A Agosto"]
[Site "Milano ITA"]
[Date "2010.08.04"]
[Round "7"]
[White "Rossi, Giampiero"]
[Black "Agrifoglio, Fabio"]
[Result "0-1"]
[WhiteElo "1916"]
[BlackElo "2014"]
[PlyCount "124"]
[EventDate "2010.07.30"]

1. d4 d6 2. c4 e5 3. Nc3 c6 4. Nf3 Nd7 5. e3 Qc7 6. Be2 Ngf6 7. Qc2 Be7 8. O-O
O-O 9. Rd1 Re8 10. Bd2 Bf8 11. Rac1 a5 12. Be1 exd4 13. Nxd4 Nc5 14. Bf3 g6 15.
b3 Bg7 16. Nce2 Nfe4 17. Ng3 Qe7 18. Nxe4 Nxe4 19. Bxe4 Qxe4 20. Qxe4 Rxe4 21.
Ne2 Bf8 22. Ng3 Re8 23. Nf1 Be6 24. f3 d5 25. cxd5 Bxd5 26. e4 Be6 27. Ne3 a4
28. Rb1 axb3 29. axb3 Bc5 30. Bf2 Red8 31. Rxd8+ Rxd8 32. b4 Bb6 33. Rd1 Ra8
34. Rb1 Ba2 35. Ra1 Bd4 36. Rd1 Bc3 37. Be1 Bxe1 38. Rxe1 Rd8 39. Rd1 Rxd1+ 40.
Nxd1 Kf8 41. Kf2 Ke7 42. Ke3 Kd6 43. Nc3 Bb3 44. Kd4 f6 45. f4 b6 46. e5+ Ke6
47. exf6 Kxf6 48. Ne4+ Kf5 49. Ke3 h6 50. Nd6+ Ke6 51. Ne4 Kd5 52. Nd2 Bc2 53.
g4 c5 54. bxc5 Kxc5 55. h4 Kd5 56. Nf3 Kc4 57. Nd4 Bd1 58. f5 gxf5 59. g5 hxg5
60. hxg5 f4+ 61. Ke4 Bh5 62. Nc2 Bg6+ 0-1